000 00423nam a2200193Ia 4500
008 101110s9999 xx 000 0 und d
041 _aENGLISH
082 _bSR5449
_a181.4
100 _aNichol John
245 _aFrancis Bacon
365 _b3
520 _aSociology
546 _aENGLISH
630 _aFrancis Bacon
650 _aSociology
655 _aSociology
730 _aFrancis Bacon
942 _cBOOK
999 _c801498
_d801495